| 000 | 00540nam a22001697a 4500 | ||
|---|---|---|---|
| 003 | NUST | ||
| 038 | _aNusrat Nadeem | ||
| 082 | _a200 | ||
| 100 |
_aIbrahim, Kainat _9125537 |
||
| 245 |
_aBYTES AND BULLETS Digital battle field between India and Pakistan/ _cKainat Ibrahim, |
||
| 264 |
_aIslamabad; _bS3H NUST; _c2024. |
||
| 300 |
_a29,p; _bill; _c30,cm. |
||
| 650 |
_aMS-Mass Communication _9114380 |
||
| 700 |
_aSupervisor: Dr. Muhammad Arif _9114381 |
||
| 856 | _uhttp://10.250.8.41:8080/xmlui/handle/123456789/45993 | ||
| 942 |
_2ddc _cSC |
||
| 999 |
_c611281 _d611281 |
||